000 00793cam a22002051 4500
001 f 01003230
003 DLC
005 20260227111245.0
008 760527s1867 fr 001 0 fre
010 _af 01003230
035 _a(OCoLC)2198144
040 _aDLC
_cOClW
_dOCoLC
_dDLC
042 _apremarc
050 0 0 _aSD193
_b.M46
100 1 _aMaury, L.-F.-Alfred
_q(Louis-Ferdinand-Alfred),
_d1817-1892.
245 0 4 _aLes forêts de la Gaule et de l'ancienne France;
_baperçu sur leur histoire, leur topographie et la législation qui les a régies, suivi d'un tableau alphabétique des forêts et des bois principaux de l'Empire français,
_cpar L. F. Alfred Maury ...
260 _aParis,
_bLadrange,
_c1867.
300 _avii, 501 p.
_c22 cm.
650 0 _aForests and forestry
_zFrance.
999 _c23022
_d23022